[Event "RUS-chT (Women)"]
[Site "Sochi"]
[Date "2018.05.03"]
[Round "3.4"]
[White "Bulatova, Kamaliya"]
[Black "Balaian, Alina"]
[Result "1-0"]
[WhiteElo "2121"]
[BlackElo "2228"]
[PlyCount "89"]
[EventDate "2018.05.01"]
[EventType "team-tourn"]
[EventRounds "9"]
[EventCountry "RUS"]
[SourceTitle "CBM 184 Extra"]
[Source "ChessBase"]
[SourceDate "2018.06.28"]
[SourceVersion "1"]
[SourceVersionDate "2018.06.28"]
[SourceQuality "1"]
[WhiteTeam "Tatarstan Ladya (W)"]
[BlackTeam "St Petersburg SHSH (W)"]
[WhiteTeamCountry "RUS"]
[BlackTeamCountry "RUS"]

1. d4 Nf6 2. c4 c5 3. d5 b5 4. cxb5 a6 5. bxa6 g6 6. Nc3 Bxa6 7. e4 Bxf1 8. Kxf1 d6 9. g3 Bg7 10. Nf3 Nbd7 11. a4 0-0 12. Kg2 Qb6 13. Qe2 Ne8 14. Bg5 f6 15. Bd2 Nc7 16. Rab1 Qb3 17. Ra1 Rfb8 18. Rhb1 Nb6 19. Ra3 Qc4 20. Qe3 Qa6 21. b3 Qb7 22. a5 Nc8 23. Ra4 Na6 24. h4 Qd7 25. Ne1 Rb7 26. Qe2 Nb4 27. Na2 Na6 28. Ra3 e6 29. b4 cxb4 30. Nxb4 exd5 31. exd5 Qf7 32. Nec2 Ne7 33. Qf3 Nc5 34. Re1 Rba7 35. Nd4 Rxa5 36. Rxa5 Rxa5 37. Rxe7 Qxe7 38. Nbc6 Qe4 39. Bxa5 f5 40. Qxe4 Nxe4 41. Ne6 Bb2 42. Bb4 Nf6 43. Nc7 Kf7 44. Bxd6 Nxd5 45. Nd8+ 1-0

[Event "St Petersburg-ch (Women)"]
[Site "St Petersburg"]
[Date "2018.03.23"]
[Round "5"]
[White "Shakirova, Renata"]
[Black "Balaian, Alina"]
[Result "0-1"]
[WhiteElo "1923"]
[BlackElo "2225"]
[PlyCount "100"]
[EventDate "2018.03.19"]
[EventType "swiss"]
[EventRounds "9"]
[EventCountry "RUS"]
[SourceTitle "CBM 183 Extra"]
[Source "ChessBase"]
[SourceDate "2018.04.19"]
[SourceVersion "1"]
[SourceVersionDate "2018.04.19"]
[SourceQuality "1"]

1. e4 e6 2. d4 d5 3. Nc3 Bb4 4. e5 c5 5. a3 Bxc3+ 6. bxc3 Ne7 7. Qg4 cxd4 8. Bd3 Qc7 9. Ne2 dxc3 10. Qxg7 Rg8 11. Qxh7 Nbc6 12. Bf4 Bd7 13. Nxc3 Nxe5 14. Ne2 Nxd3+ 15. cxd3 e5 16. Bd2 Bf5 17. Qh4 Bxd3 18. Rc1 Bc4 19. g4 Nc6 20. g5 0-0-0 21. Qg4+ Kb8 22. h4 Qe7 23. Rh3 f5 24. Qg3 f4 25. Qc3 Nd4 26. Ng1 Qe6 27. Rh1 Qf5 28. f3 Rc8 29. Kf2 Rxg5 30. Nh3 Rg3 31. Ng5 Ne2 32. Qb4 Nxc1 33. Rxc1 Qd3 34. Re1 Rxg5 35. hxg5 Qh7 36. Qd6+ Ka8 37. Bxf4 exf4 38. Qxf4 a6 39. Kg3 Rh8 40. Kf2 Qc2+ 41. Kg1 Qg6 42. Qg3 Qb6+ 43. Kg2 Qb2+ 44. Kg1 Qxa3 45. g6 Rg8 46. Qg4 Qc5+ 47. Kg2 d4 48. f4 Bd5+ 49. Kg3 Qd6 50. g7 Qc7 0-1